[Event "GER-chT U20"]
[Site "Osnabrueck"]
[Date "2018.12.27"]
[Round "1.1"]
[White "Pluska, Alexander"]
[Black "Thomsen, Phil"]
[Result "1/2-1/2"]
[WhiteElo "2224"]
[BlackElo "2134"]
[PlyCount "99"]
[EventDate "2018.12.27"]
[EventType "team-swiss"]
[EventRounds "7"]
[EventCountry "GER"]
[SourceTitle "CBM 188 Extra"]
[Source "ChessBase"]
[SourceDate "2019.02.26"]
[SourceVersion "1"]
[SourceVersionDate "2019.02.26"]
[SourceQuality "1"]
[WhiteTeam "Kiel Doppelbauer"]
[BlackTeam "Bensheim"]
[WhiteTeamCountry "GER"]
[BlackTeamCountry "GER"]

1. Nf3 d5 2. d4 Nf6 3. c4 e6 4. Nc3 c5 5. cxd5 Nxd5 6. e4 Nxc3 7. bxc3 Be7 8. Be3 Qa5 9. Nd2 0-0 10. Be2 Qxc3 11. Rc1 Qa5 12. dxc5 Bd7 13. 0-0 Bb5 14. Nb3 Qa6 15. Bxb5 Qxb5 16. Nd4 Qd7 17. Qe2 Rd8 18. Rfd1 Qa4 19. Rc4 Qa6 20. Qc2 Nc6 21. Rb1 Nxd4 22. Bxd4 Rac8 23. g3 h6 24. Qa4 Qxa4 25. Rxa4 a6 26. Be3 Rd7 27. Rc1 Rdc7 28. Rb1 Rd7 29. Rc1 Rc6 30. Kg2 Rdc7 31. Ra5 Rc8 32. h3 Bd8 33. Ra3 Be7 34. Ra5 Kf8 35. Bf4 Rxc5 36. Raxc5 Rxc5 37. Rb1 Rb5 38. Rxb5 axb5 39. Be3 Ke8 40. Kf3 Kd7 41. Ke2 Kc6 42. Kd3 Bc5 43. Bd4 f6 44. f4 b4 45. Bb2 Kb5 46. g4 Bd6 47. f5 e5 48. Bc1 Bc5 49. h4 Bf2 50. g5 1/2-1/2

[Event "Kiel op 31st"]
[Site "Kiel"]
[Date "2018.08.02"]
[Round "8"]
[White "Pluska, Alexander"]
[Black "Wan, Yunguo"]
[Result "1/2-1/2"]
[WhiteElo "2199"]
[BlackElo "2507"]
[PlyCount "65"]
[EventDate "2018.07.28"]
[EventType "swiss"]
[EventRounds "9"]
[EventCountry "GER"]
[SourceTitle "CBM 185 Extra"]
[Source "ChessBase"]
[SourceDate "2018.07.29"]
[SourceVersion "1"]
[SourceVersionDate "2018.07.29"]
[SourceQuality "1"]

1. Nf3 Nf6 2. c4 g6 3. Nc3 Bg7 4. e4 c5 5. d4 cxd4 6. Nxd4 d6 7. Be2 Nc6 8. Nc2 0-0 9. Be3 Be6 10. 0-0 Qa5 11. Qd2 Ng4 12. Bxg4 Bxc3 13. Qxc3 Qxc3 14. bxc3 Bxg4 15. f3 Be6 16. c5 d5 17. Nd4 dxe4 18. Nxe6 fxe6 19. fxe4 Rxf1+ 20. Kxf1 Rd8 21. Ke2 e5 22. Rf1 Kg7 23. h4 h5 24. g4 hxg4 25. Rg1 Rh8 26. Rxg4 Nd8 27. Kd3 Ne6 28. Kc4 Kf6 29. a4 Rc8 30. Kb5 Nc7+ 31. Kc4 Ne6 32. Kb5 Nc7+ 33. Kc4 1/2-1/2

[Event "GER-chT U20"]
[Site "Duesseldorf"]
[Date "2017.12.30"]
[Round "7.1"]
[White "Hartge, Gedeon"]
[Black "Pluska, Alexander"]
[Result "1/2-1/2"]
[WhiteElo "2140"]
[BlackElo "2196"]
[PlyCount "67"]
[EventDate "2017.12.27"]
[EventType "team-swiss"]
[EventRounds "7"]
[EventCountry "GER"]
[SourceTitle "CBM 182 Extra"]
[Source "ChessBase"]
[SourceDate "2018.02.23"]
[SourceVersion "1"]
[SourceVersionDate "2018.02.23"]
[SourceQuality "1"]
[WhiteTeam "Halle USV U20"]
[BlackTeam "Kiel Doppelbauer U20"]
[WhiteTeamCountry "GER"]
[BlackTeamCountry "GER"]

1. d4 Nf6 2. c4 e6 3. Nc3 Bb4 4. e3 0-0 5. Nge2 d5 6. a3 Be7 7. cxd5 exd5 8. Nf4 c6 9. Bd3 Re8 10. 0-0 Bd6 11. Bc2 Nbd7 12. f3 Qc7 13. g3 Bxf4 14. exf4 Nb6 15. f5 Nc4 16. Qd3 Nh5 17. Ne2 Qe7 18. Nf4 Nxf4 19. Bxf4 Qf6 20. b3 Nd6 21. g4 g6 22. Be5 Rxe5 23. dxe5 Qxe5 24. Rae1 Qf6 25. fxg6 hxg6 26. Qe3 Be6 27. Qe5 Qxe5 28. Rxe5 Nb5 29. Bxg6 Nxa3 30. Bf5 Bxf5 31. gxf5 Kg7 32. Re7 b6 33. Rd7 Nb5 34. Kf2 1/2-1/2

[Event "GER-chT U20"]
[Site "Duesseldorf"]
[Date "2017.12.29"]
[Round "6.1"]
[White "Pluska, Alexander"]
[Black "Kollars, Dmitrij"]
[Result "0-1"]
[WhiteElo "2196"]
[BlackElo "2501"]
[PlyCount "21"]
[EventDate "2017.12.27"]
[EventType "team-swiss"]
[EventRounds "7"]
[EventCountry "GER"]
[SourceTitle "CBM 182 Extra"]
[Source "ChessBase"]
[SourceDate "2018.02.23"]
[SourceVersion "1"]
[SourceVersionDate "2018.02.23"]
[SourceQuality "1"]
[WhiteTeam "Kiel Doppelbauer U20"]
[BlackTeam "Hamburger SK U20"]
[WhiteTeamCountry "GER"]
[BlackTeamCountry "GER"]

1. Nf3 d5 2. g3 Bg4 3. Bg2 Nd7 4. c4 e6 5. Nc3 Ngf6 6. cxd5 exd5 7. 0-0 c6 8. b3 Bd6 9. Bb2 0-0 10. Qc2 Re8 11. Rae1 0-1

[Event "GER-chT U20"]
[Site "Duesseldorf"]
[Date "2017.12.28"]
[Round "3.1"]
[White "Koellner, Ruben Gideon"]
[Black "Pluska, Alexander"]
[Result "1/2-1/2"]
[WhiteElo "2147"]
[BlackElo "2196"]
[PlyCount "118"]
[EventDate "2017.12.27"]
[EventType "team-swiss"]
[EventRounds "7"]
[EventCountry "GER"]
[SourceTitle "CBM 182 Extra"]
[Source "ChessBase"]
[SourceDate "2018.02.23"]
[SourceVersion "1"]
[SourceVersionDate "2018.02.23"]
[SourceQuality "1"]
[WhiteTeam "Bochum SG U20"]
[BlackTeam "Kiel Doppelbauer U20"]
[WhiteTeamCountry "GER"]
[BlackTeamCountry "GER"]

1. d4 e6 2. Nf3 b6 3. e4 Bb7 4. Bd3 Nf6 5. Nbd2 c5 6. c3 d6 7. 0-0 Be7 8. Re1 0-0 9. a3 Nbd7 10. b4 Rc8 11. Nf1 Re8 12. Ng3 Bf8 13. e5 dxe5 14. dxe5 c4 15. Bc2 Bxf3 16. Qxf3 Nd5 17. Bd2 g6 18. Qe2 Bg7 19. f4 f5 20. Qf3 Nb8 21. Red1 Qc7 22. Ne2 Rcd8 23. Be1 g5 24. g3 g4 25. Qf2 Nc6 26. Nd4 Nxd4 27. Rxd4 b5 28. a4 a6 29. Rdd1 Qc6 30. Ra3 Bf8 31. Rda1 Ra8 32. Bd1 Reb8 33. Be2 Be7 34. Bf1 Bd8 35. a5 Rb7 36. Bg2 Rd7 37. Qc2 Bc7 38. Bf2 Rad8 39. Rc1 Bb8 40. Raa1 Qc7 41. Rd1 Ba7 42. Bxd5 Rxd5 43. Rxd5 Rxd5 44. Rd1 Bxf2+ 45. Kxf2 Qd7 46. Rxd5 Qxd5 47. Kg1 Kf7 48. Qf2 Qd1+ 49. Kg2 Qd5+ 50. Kg1 Qd7 51. Qb6 Qd1+ 52. Kg2 Qe2+ 53. Kg1 Qd1+ 54. Kg2 Qd2+ 55. Kg1 Qxc3 56. Qc7+ Kg6 57. Qe7 Qe1+ 58. Kg2 Qe2+ 59. Kg1 Qe1+ 1/2-1/2

[Event "Kiel op 30th"]
[Site "Kiel"]
[Date "2017.07.31"]
[Round "5"]
[White "Pluska, Alexander"]
[Black "Basey, Matthew"]
[Result "0-1"]
[WhiteElo "2205"]
[BlackElo "1793"]
[PlyCount "60"]
[EventDate "2017.07.29"]
[EventType "swiss"]
[EventRounds "9"]
[EventCountry "GER"]
[SourceTitle "EXT 2018"]
[Source "ChessBase"]
[SourceDate "2017.10.13"]
[SourceVersion "1"]
[SourceVersionDate "2017.10.13"]
[SourceQuality "1"]

1. e4 Nc6 2. Nf3 d6 3. d4 Nf6 4. Nc3 Bg4 5. Be2 e6 6. Bg5 h6 7. Be3 d5 8. e5 Nd7 9. h3 Bxf3 10. Bxf3 Na5 11. 0-0 a6 12. Qe2 b5 13. Rae1 Be7 14. Bh5 g6 15. f4 Bh4 16. f5 exf5 17. e6 Nf6 18. exf7+ Kxf7 19. Bf2 Bxf2+ 20. Rxf2 Re8 21. Qd1 Rxe1+ 22. Qxe1 Nxh5 23. g4 Ng7 24. Qe3 Qd6 25. Qxh6 Rg8 26. Ne2 Nc6 27. Qh7 Ne7 28. Nf4 Qf6 29. Re2 Qxd4+ 30. Kg2 Qxf4 0-1

[Event "Berlin Lichtenberger op 15th"]
[Site "Berlin"]
[Date "2016.08.19"]
[Round "7"]
[White "Albert, Joerg"]
[Black "Pluska, Alexander"]
[Result "0-1"]
[WhiteElo "2149"]
[BlackElo "2116"]
[PlyCount "84"]
[EventDate "2016.08.13"]
[EventType "swiss"]
[EventRounds "9"]
[EventCountry "GER"]
[SourceTitle "CBM 173 Extra"]
[Source "ChessBase"]
[SourceDate "2016.08.29"]
[SourceVersion "1"]
[SourceVersionDate "2016.08.29"]
[SourceQuality "1"]

1. d4 Nf6 2. Nf3 e6 3. e3 b6 4. Bd3 Bb7 5. Nbd2 d5 6. Ne5 Bd6 7. f4 Nbd7 8. Qf3 Qe7 9. a4 a6 10. 0-0 c5 11. c3 h6 12. e4 cxd4 13. cxd4 dxe4 14. Nxe4 Nxe4 15. Bxe4 Bxe4 16. Qxe4 0-0 17. Bd2 Nf6 18. Qf3 Rac8 19. Rae1 Nd5 20. f5 Bb4 21. Bxb4 Qxb4 22. Qe4 Nf6 23. Qh4 exf5 24. Rxf5 Rfd8 25. Nf3 Re8 26. Rf1 Qxb2 27. Qg3 Rc1 28. Re5 Rxf1+ 29. Kxf1 Qa1+ 30. Qe1 Qxe1+ 31. Kxe1 Rxe5+ 32. Nxe5 Nd5 33. Kd2 f6 34. Nf3 Kf7 35. g3 Ke6 36. Kd3 b5 37. axb5 axb5 38. Nd2 Nb4+ 39. Ke4 f5+ 40. Ke3 Kd5 41. Nf3 Nc6 42. h4 b4 0-1

[Event "Berlin Lichtenberger op 15th"]
[Site "Berlin"]
[Date "2016.08.17"]
[Round "5"]
[White "Goldenstein, Arnd"]
[Black "Pluska, Alexander"]
[Result "1-0"]
[WhiteElo "2016"]
[BlackElo "2116"]
[PlyCount "105"]
[EventDate "2016.08.13"]
[EventType "swiss"]
[EventRounds "9"]
[EventCountry "GER"]
[SourceTitle "CBM 173 Extra"]
[Source "ChessBase"]
[SourceDate "2016.08.29"]
[SourceVersion "1"]
[SourceVersionDate "2016.08.29"]
[SourceQuality "1"]

1. d4 Nf6 2. c4 g6 3. Nf3 Bg7 4. Nc3 0-0 5. e4 d6 6. Be2 e5 7. 0-0 Nc6 8. d5 Ne7 9. b4 Nh5 10. Re1 f5 11. Ng5 Nf6 12. Ba3 h6 13. Ne6 Bxe6 14. dxe6 Nxe4 15. Nxe4 fxe4 16. Qc2 Qc8 17. Rad1 Qxe6 18. Qxe4 c6 19. b5 Rf4 20. Qc2 Nf5 21. bxc6 bxc6 22. Bc1 Rd4 23. Bb2 Rxd1 24. Bxd1 Re8 25. Qa4 Qd7 26. Bc2 Kh7 27. Be4 Nd4 28. Kf1 Rc8 29. Re3 Nf5 30. Ra3 Qe6 31. Bxc6 e4 32. Bd5 Qe7 33. Rb3 e3 34. Bxg7 exf2 35. Kxf2 Re8 36. Qxe8 Qxe8 37. Bb2 h5 38. Bf6 Kh6 39. h4 Qf8 40. Bg5+ Kh7 41. Rb7+ Ng7+ 42. Rf7 Qc8 43. Bf6 Qg4 44. Rxg7+ Kh6 45. Rf7 Qf4+ 46. Ke2 Qg4+ 47. Ke3 Qg3+ 48. Bf3 Qe1+ 49. Kf4 Qc1+ 50. Kg3 Qe1+ 51. Kh2 g5 52. Bxg5+ Kg6 53. Re7 1-0

[Event "Kiel op-A 29th"]
[Site "Kiel"]
[Date "2016.08.01"]
[Round "5"]
[White "Krause, Jonah"]
[Black "Pluska, Alexander"]
[Result "1/2-1/2"]
[WhiteElo "2268"]
[BlackElo "2116"]
[PlyCount "124"]
[EventDate "2016.07.30"]
[EventType "swiss"]
[EventRounds "9"]
[EventCountry "GER"]
[SourceTitle "CBM 173 Extra"]
[Source "ChessBase"]
[SourceDate "2016.08.29"]
[SourceVersion "1"]
[SourceVersionDate "2016.08.29"]
[SourceQuality "1"]

1. d4 Nf6 2. c4 e6 3. g3 c5 4. Nf3 cxd4 5. Nxd4 Qc7 6. Bg2 a6 7. 0-0 Qxc4 8. Nc3 Nc6 9. Nb3 Be7 10. Bf4 Qb4 11. e4 d6 12. Be3 Na5 13. Nd2 Nc4 14. Nxc4 Qxc4 15. Rc1 Qb4 16. Na4 Nd7 17. Qc2 b5 18. Nb6 Nxb6 19. Bxb6 0-0 20. Rfd1 e5 21. a3 Qc4 22. Qxc4 bxc4 23. Bc7 Be6 24. Bxd6 Bxd6 25. Rxd6 Rfb8 26. Rd2 Rd8 27. Rcd1 Rxd2 28. Rxd2 Kf8 29. Bf1 Ke7 30. f4 f6 31. Rc2 Rc8 32. f5 Bg8 33. Rc3 Kd7 34. Kf2 Rb8 35. Bxc4 Bxc4 36. Rxc4 Rxb2+ 37. Kf3 Rb3+ 38. Kg4 Rxa3 39. Rb4 Rc3 40. Rb8 Kc7 41. Rg8 Kb6 42. Rxg7 Rc7 43. Rg8 Rf7 44. Kh5 a5 45. g4 a4 46. h4 a3 47. Rd8 a2 48. Rd1 Ra7 49. Ra1 Kc5 50. g5 fxg5 51. hxg5 Kd4 52. g6 Kxe4 53. gxh7 Rxh7+ 54. Kg6 Ra7 55. f6 Kd3 56. f7 Rxf7 57. Kxf7 e4 58. Ke6 e3 59. Rxa2 e2 60. Ra1 Kd2 61. Ke5 e1R+ 62. Rxe1 Kxe1 1/2-1/2

[Event "Kiel op-A 29th"]
[Site "Kiel"]
[Date "2016.07.31"]
[Round "4"]
[White "Pluska, Alexander"]
[Black "Dhanush, Bharadwaj"]
[Result "1/2-1/2"]
[WhiteElo "2116"]
[BlackElo "2296"]
[PlyCount "88"]
[EventDate "2016.07.30"]
[EventType "swiss"]
[EventRounds "9"]
[EventCountry "GER"]
[SourceTitle "CBM 173 Extra"]
[Source "ChessBase"]
[SourceDate "2016.08.29"]
[SourceVersion "1"]
[SourceVersionDate "2016.08.29"]
[SourceQuality "1"]

1. e4 c5 2. d4 cxd4 3. c3 dxc3 4. Nxc3 Nc6 5. Nf3 e6 6. Bc4 a6 7. 0-0 b5 8. Bb3 Bb7 9. Be3 Na5 10. Re1 Nxb3 11. Qxb3 Nf6 12. Nd5 Nxd5 13. exd5 Bxd5 14. Qd3 Be7 15. a4 Bxf3 16. gxf3 Rb8 17. axb5 axb5 18. Ra7 d6 19. Rc1 0-0 20. Rcc7 Bg5 21. f4 Bh6 22. b4 Qh4 23. Qxd6 Rbe8 24. Re7 Qg4+ 25. Kf1 Rxe7 26. Rxe7 g6 27. Rb7 Bg7 28. Rxb5 Qh3+ 29. Kg1 Qg4+ 30. Kf1 e5 31. Rb8 h5 32. fxe5 Rxb8 33. Qxb8+ Kh7 34. Qd6 Qe4 35. e6 fxe6 36. Qf4 Qb1+ 37. Kg2 e5 38. Qc4 Qf5 39. b5 e4 40. b6 Qg4+ 41. Kf1 Qd1+ 42. Kg2 Qg4+ 43. Kf1 Qd1+ 44. Kg2 Qg4+ 1/2-1/2

[Event "Kiel op-A 29th"]
[Site "Kiel"]
[Date "2016.07.30"]
[Round "1"]
[White "Pluska, Alexander"]
[Black "Rohmann, Volker"]
[Result "1-0"]
[WhiteElo "2116"]
[BlackElo "1820"]
[PlyCount "73"]
[EventDate "2016.07.30"]
[EventType "swiss"]
[EventRounds "9"]
[EventCountry "GER"]
[SourceTitle "CBM 173 Extra"]
[Source "ChessBase"]
[SourceDate "2016.08.29"]
[SourceVersion "1"]
[SourceVersionDate "2016.08.29"]
[SourceQuality "1"]

1. c4 c5 2. Nf3 g6 3. d4 Bg7 4. g3 cxd4 5. Nxd4 Nc6 6. Nxc6 bxc6 7. Bg2 Nf6 8. 0-0 0-0 9. Qa4 Bb7 10. c5 Nd5 11. Rd1 Nc7 12. Na3 Ne6 13. Be3 Qc8 14. Rd2 Rd8 15. Rad1 Ba6 16. Rxd7 Rxd7 17. Rxd7 Bb5 18. Qd1 Bxe2 19. Qd2 Rb8 20. Rxa7 Rxb2 21. Qa5 Rb8 22. h3 Bf6 23. Qa4 Qd8 24. Bxc6 Kg7 25. Rd7 Qc8 26. Rd2 Rb2 27. Rxb2 Bxb2 28. Bd7 Qc7 29. Bxe6 fxe6 30. Nc4 Bf6 31. Qb4 Qd7 32. Nd2 Qd5 33. Qb3 Qf5 34. c6 Be5 35. Kh2 h5 36. Qb7 Bd6 37. c7 1-0

[Event "GER-ch U25-A"]
[Site "Willingen"]
[Date "2016.05.18"]
[Round "6"]
[White "Pluska, Alexander"]
[Black "Garbuz, Vitaliy"]
[Result "1/2-1/2"]
[WhiteElo "2158"]
[BlackElo "1917"]
[PlyCount "50"]
[EventDate "2016.05.15"]
[EventType "swiss"]
[EventRounds "9"]
[EventCountry "GER"]
[SourceTitle "CBM 172 Extra"]
[Source "ChessBase"]
[SourceDate "2016.06.21"]
[SourceVersion "1"]
[SourceVersionDate "2016.06.21"]
[SourceQuality "1"]

1. e4 e5 2. f4 d5 3. exd5 c6 4. dxc6 Nxc6 5. Bb5 exf4 6. Nf3 Bd6 7. d4 Nge7 8. 0-0 0-0 9. c4 Bg4 10. Nc3 Nf5 11. c5 Ncxd4 12. cxd6 Qb6 13. Kh1 Nxb5 14. Nxb5 Qxb5 15. Bxf4 Nh4 16. Qb3 Qxb3 17. axb3 Nxf3 18. gxf3 Be6 19. Rfc1 Bd5 20. Kg2 Bc6 21. Re1 Rfe8 22. Rxe8+ Bxe8 23. Be3 Rd8 24. Rxa7 Rxd6 25. Rxb7 f6 1/2-1/2

[Event "Bodensee op"]
[Site "Bregenz"]
[Date "2016.05.05"]
[Round "6"]
[White "Bezemer, Arno J"]
[Black "Pluska, Alexander"]
[Result "1-0"]
[WhiteElo "2248"]
[BlackElo "2158"]
[PlyCount "73"]
[EventDate "2016.04.30"]
[EventType "swiss"]
[EventRounds "9"]
[EventCountry "AUT"]
[SourceTitle "CBM 172 Extra"]
[Source "ChessBase"]
[SourceDate "2016.06.21"]
[SourceVersion "1"]
[SourceVersionDate "2016.06.21"]
[SourceQuality "1"]

1. e4 c5 2. Nf3 d6 3. Bb5+ Bd7 4. Bxd7+ Qxd7 5. c4 g6 6. d4 cxd4 7. Nxd4 Bg7 8. 0-0 Nc6 9. Be3 Nf6 10. f3 Rc8 11. b3 0-0 12. Nc3 e6 13. Rc1 Rfe8 14. Ndb5 d5 15. c5 d4 16. Nxd4 Ng4 17. Nxc6 Qxd1 18. Nxd1 Nxe3 19. Nxa7 Ra8 20. Nxe3 Bd4 21. Kf2 Rxa7 22. Rc2 Rc8 23. Rfc1 Ra3 24. Ke2 Rca8 25. Rd1 e5 26. Rdd2 R3a5 27. Nd5 Rxc5 28. Rxc5 Bxc5 29. Rc2 Bd4 30. a4 b6 31. Rc8+ Rxc8 32. Ne7+ Kf8 33. Nxc8 Ke8 34. Kd3 Kd7 35. Na7 f5 36. Kc4 Kd6 37. Nb5+ 1-0

[Event "GER-chT U20"]
[Site "Osnabrueck"]
[Date "2015.12.28"]
[Round "4.2"]
[White "Pluska, Alexander"]
[Black "Uksini, Bardhyl"]
[Result "1-0"]
[WhiteElo "2068"]
[BlackElo "2248"]
[PlyCount "119"]
[EventDate "2015.12.27"]
[EventType "team-swiss"]
[EventRounds "7"]
[EventCountry "GER"]
[SourceTitle "EXT 2017"]
[Source "ChessBase"]
[SourceDate "2016.10.25"]
[SourceVersion "1"]
[SourceVersionDate "2016.10.25"]
[SourceQuality "1"]
[WhiteTeam "Kiel Doppelbauer"]
[BlackTeam "Hamburger SK"]
[WhiteTeamCountry "GER"]
[BlackTeamCountry "GER"]

1. e4 c5 2. d4 cxd4 3. c3 Nf6 4. e5 Nd5 5. Qxd4 e6 6. Nf3 Nc6 7. Qe4 f5 8. Qe2 b5 9. g3 a5 10. Bg2 Be7 11. 0-0 0-0 12. Rd1 Rb8 13. Nbd2 Ba6 14. Nf1 Nb6 15. a4 Nd5 16. Ne1 Qc8 17. Bxd5 exd5 18. Qf3 Nxe5 19. Qxd5+ Nf7 20. Ne3 g6 21. Qxd7 Bc5 22. Nd5 Rd8 23. Qxc8 Rbxc8 24. axb5 Bxb5 25. Rxa5 Bc4 26. Be3 Bf8 27. Rd4 Bb3 28. Nb6 Rxd4 29. Bxd4 Re8 30. Nd3 Bg7 31. Bxg7 Kxg7 32. Nd7 Re2 33. N7c5 Bd5 34. Kf1 Rc2 35. Ra1 Bc4 36. Ke1 Ne5 37. Ra7+ Kh6 38. Nxe5 Re2+ 39. Kd1 Rxe5 40. b4 Re2 41. Rd7 Rxf2 42. Rd4 Bf7 43. Rd2 Rf1+ 44. Kc2 Ra1 45. Nb7 Bc4 46. Rd4 Ra2+ 47. Kc1 Ra1+ 48. Kd2 Ra2+ 49. Ke3 Bb5 50. Nd6 Bf1 51. b5 Re2+ 52. Kf3 Rc2 53. c4 Rb2 54. Kf4 Rxh2 55. Rd1 Bh3 56. b6 Bg4 57. b7 Re2 58. Rh1+ Kg7 59. b8Q Kf6 60. Ne8+ 1-0

[Event "GER-chT U20"]
[Site "Osnabrueck"]
[Date "2015.12.27"]
[Round "2.2"]
[White "Pluska, Alexander"]
[Black "Reisberg, Andre"]
[Result "1-0"]
[WhiteElo "2068"]
[BlackElo "1979"]
[PlyCount "33"]
[EventDate "2015.12.27"]
[EventType "team-swiss"]
[EventRounds "7"]
[EventCountry "GER"]
[SourceTitle "EXT 2017"]
[Source "ChessBase"]
[SourceDate "2016.10.25"]
[SourceVersion "1"]
[SourceVersionDate "2016.10.25"]
[SourceQuality "1"]
[WhiteTeam "Kiel Doppelbauer"]
[BlackTeam "Brackel"]
[WhiteTeamCountry "GER"]
[BlackTeamCountry "GER"]

1. d4 d5 2. Nf3 Nf6 3. c4 c6 4. Nc3 e6 5. Bg5 h6 6. Bh4 dxc4 7. e4 g5 8. Bg3 b5 9. Be2 Be7 10. 0-0 Bb7 11. Ne5 Nbd7 12. Nxf7 Kxf7 13. e5 Nd5 14. Bh5+ Kg7 15. Qg4 N7f6 16. exf6+ Bxf6 17. Qe4 1-0